| 000 | 01690nam a22004217a 4500 | ||
|---|---|---|---|
| 001 | 17679736 | ||
| 003 | OSt | ||
| 005 | 20241031120016.0 | ||
| 008 | 130330s2010 moua b 001 0 eng | ||
| 010 | _a 2012554006 | ||
| 020 | _a9780323055857 (hardcover) | ||
| 040 |
_aDLC _beng _cDLC _erda _dDLC |
||
| 041 | _aeng | ||
| 042 | _apcc | ||
| 050 | 0 | 0 |
_aRT120.E4 _bE48 2010 |
| 080 |
_a616-08 _bH-84 |
||
| 082 | 0 | 0 |
_a616.02/5 _223 |
| 245 | 0 | 0 |
_aSheehy's emergency nursing : _bprinciples and practice. _c/ by: Mosby/Elsevier, |
| 246 | 3 | 0 | _aEmergency nursing |
| 250 |
_a6th edition _bPatricia Kunz Howard, PhD, RN, CEN, FAEN, operations manager, Emergency and Trauma Services, Universityh of Kentucky Chandler Medical Center, Lexington, Kentucky, Rebecca A. Steinmann, RN, APN, CEN, CPEN, CCRN, CCNS, clinical educator, Emergency Deparment, Edward Hospital, Naperville, Illinois. |
||
| 260 |
_aSt. Louis, Missouri : _bMosby/Elsevier, _c2010 |
||
| 300 |
_axxii, 745 pages : _billustrations ; _c29 cm |
||
| 336 |
_atext _2rdacontent |
||
| 337 |
_aunmediated _2rdamedia |
||
| 338 |
_avolume _2rdacarrier |
||
| 504 | _aIncludes bibliographical references and index. | ||
| 650 | 0 | _aEmergency nursing. | |
| 650 | 0 |
_aPatient Care _9285 |
|
| 653 | _aპაციენტის მოვლა | ||
| 653 | _aპაციენტის გადაუდებელი მოვლა | ||
| 700 | 1 | _aHoward, Patricia Kunz. | |
| 700 | 1 | _aSteinmann, Rebecca A. | |
| 700 | 1 |
_aSheehy, Susan Budassi, _d1948- |
|
| 730 | 0 | _aEmergency nursing. | |
| 906 |
_a7 _bcbc _corigcop _d2 _encip _f20 _gy-gencatlg |
||
| 942 |
_2udc _cBK _e6 |
||
| 999 |
_c801 _d801 |
||